[Event "II Torneo Inverno Vomero"]
[Site "Napoli ITA"]
[Date "2006.02.09"]
[Round "5"]
[White "Accardo, Francesco"]
[Black "Giglio, Achille"]
[Result "0-1"]
[WhiteElo "2072"]
[BlackElo "1732"]
[PlyCount "136"]
[EventDate "2006.01.12"]

1. g4 d5 2. h3 e5 3. Bg2 c6 4. d4 Bd6 5. a4 Be6 6. a5 Nd7 7. Nf3 h6 8. a6 b6 9.
dxe5 Nxe5 10. Nd4 Bc5 11. Nxe6 fxe6 12. c3 b5 13. Bf4 Qf6 14. e3 Ne7 15. Na3
N7g6 16. Bg3 Nh4 17. Bxh4 Qxh4 18. Qe2 Rb8 19. Nc2 O-O 20. Nd4 Rfe8 21. O-O
Rbc8 22. f4 Nd7 23. Nf3 Qg3 24. b4 Bb6 25. Rac1 e5 26. f5 e4 27. Nd4 Bc7 28.
Rf4 Bxf4 29. exf4 Qxf4 30. Qc2 Kh8 31. Ne2 Qe5 32. Rf1 Nf8 33. Qd2 Rc7 34. Qe3
Rf7 35. Nf4 Qc7 36. h4 Rf6 37. Ne2 Qb6 38. Nd4 c5 39. bxc5 Qxc5 40. g5 Rxa6 41.
Rb1 Rb8 42. Bf1 Rab6 43. Ra1 a6 44. Rc1 Rc8 45. Kg2 Rd6 46. Be2 Qa3 47. f6 gxf6
48. gxh6 Nh7 49. Bg4 Rg8 50. Kh3 Qb2 51. Rf1 b4 52. cxb4 Qxb4 53. Be6 Rf8 54.
Kg4 Qb6 55. Bf5 Qd8 56. Rc1 Rg8+ 57. Kh3 Qe8 58. Rc7 Nf8 59. Qc3 Qe5 60. h7 Rg7
61. Rc8 Qe7 62. Ne2 Rd8 63. Rc6 Nxh7 64. Re6 Qf7 65. Nf4 Rdg8 66. Kh2 Rg1 67.
Bxh7 Qxh7 68. Qxf6+ 68... Qg7 $138 0-1

[Event "II Torneo Inverno Vomero"]
[Site "Napoli ITA"]
[Date "2006.02.09"]
[Round "5"]
[White "Di Giulio, Massimo"]
[Black "Ficco, Corrado"]
[Result "0-1"]
[WhiteElo "2033"]
[BlackElo "2153"]
[PlyCount "126"]
[EventDate "2006.01.12"]

1. b3 d5 2. Bb2 Bg4 3. f3 Bf5 4. f4 e6 5. Nf3 Nf6 6. e3 Nbd7 7. Nc3 c6 8. Ne2
h6 9. Ng3 Bh7 10. Bd3 Bxd3 11. cxd3 Bd6 12. Ne5 O-O 13. Nxd7 Nxd7 14. O-O f5
15. Nh5 Rf7 16. Rf3 g6 17. Ng3 Bf8 18. Ne2 Bg7 19. Bxg7 Rxg7 20. Rh3 Kh7 21.
Nd4 Qf6 22. Nf3 h5 23. d4 Kg8 24. Rc1 Qe7 25. Rg3 Rc8 26. d3 Nf6 27. Ne5 Ng4
28. h3 h4 29. Rf3 Nxe5 30. dxe5 g5 31. fxg5 Qxg5 32. Qe2 d4 33. Rc2 Rd8 34.
exd4 Rxd4 35. Qe3 Qxe3+ 36. Rxe3 Rgd7 37. Rd2 Kf7 38. Kf2 Rf4+ 39. Ke2 Rd5 40.
Rc2 Ra5 41. Rd2 Rd4 42. Kf3 Kg6 43. a4 Rad5 44. Ke2 f4 45. Re4 Kf5 46. Rxd4
Rxd4 47. Kf3 Rd5 48. d4 c5 49. Rd3 cxd4 50. b4 Kxe5 51. Kg4 Ke4 52. Rd1 d3 53.
Kxh4 d2 54. Kg4 Ke3 55. h4 Rd4 56. h5 f3+ 57. Kg3 f2 58. h6 Ke2 59. h7 Rd8 60.
Rh1 f1=Q 61. h8=Q Qf2+ 62. Kg4 Qxg2+ 63. Kf4 Qf3+ 0-1

[Event "II Torneo Inverno Vomero"]
[Site "Napoli ITA"]
[Date "2006.02.09"]
[Round "5"]
[White "Lupo, Alfredo"]
[Black "Della Ragione, Achille"]
[Result "0-1"]
[WhiteElo "2121"]
[BlackElo "2039"]
[PlyCount "58"]
[EventDate "2006.01.12"]

1. e4 d5 2. exd5 Nf6 3. d4 Nxd5 4. c4 Nb6 5. Nc3 e5 6. dxe5 Qxd1+ 7. Nxd1 Nc6
8. f4 Be6 9. Ne3 Bc5 10. b3 O-O-O 11. Nf3 Nb4 12. a3 Nd3+ 13. Bxd3 Rxd3 14. Rb1
Rxe3+ 15. Bxe3 Bxe3 16. g3 Bf5 17. Rb2 Bd3 18. h3 f6 19. Rhh2 Nd7 20. e6 Nc5
21. f5 Bxf5 22. Rbe2 Bc1 23. b4 Nd3+ 24. Kd1 Bxa3 25. Re3 Nb2+ 26. Ke2 Nxc4 27.
Rc3 b5 28. Nd4 Bxe6 29. Nxe6 Re8 0-1

[Event "II Torneo Inverno Vomero"]
[Site "Napoli ITA"]
[Date "2006.02.16"]
[Round "6"]
[White "Ficco, Corrado"]
[Black "Della Ragione, Achille"]
[Result "1-0"]
[WhiteElo "2153"]
[BlackElo "2039"]
[PlyCount "75"]
[EventDate "2006.01.12"]

1. e4 d5 2. exd5 Nf6 3. c4 c6 4. d4 cxd5 5. Nc3 Nc6 6. Nf3 Bg4 7. cxd5 Nxd5 8.
Qb3 Bxf3 9. gxf3 e6 10. Qxb7 Nxd4 11. Bb5+ Nxb5 12. Qc6+ Ke7 13. Qxb5 Qd7 14.
Qe2 g6 15. O-O Nxc3 16. bxc3 f6 17. Rd1 Qc6 18. Rb1 Kf7 19. Qe4 Qxe4 20. fxe4
Be7 21. Rd7 Rhb8 22. Rbb7 Rxb7 23. Rxb7 Ke8 24. Be3 Rc8 25. Rxa7 Rxc3 26. a4
Rc4 27. a5 Bc5 28. Rc7 Rxe4 29. Bxc5 Ra4 30. Bb6 h5 31. h4 g5 32. hxg5 fxg5 33.
Rh7 h4 34. Rh5 Rg4+ 35. Kh2 Kf7 36. a6 Ra4 37. a7 Kg6 38. Rh8 1-0

[Event "II Torneo Inverno Vomero"]
[Site "Napoli ITA"]
[Date "2006.02.23"]
[Round "7"]
[White "Gallo, Thomas Renato"]
[Black "Schiappoli, Dario"]
[Result "0-1"]
[WhiteElo "1834"]
[BlackElo "1956"]
[PlyCount "58"]
[EventDate "2006.01.12"]

1. d4 c5 2. d5 Nf6 3. c4 e6 4. Nc3 exd5 5. cxd5 d6 6. e4 a6 7. a4 g6 8. Bd3 Bg7
9. Nge2 O-O 10. O-O Nbd7 11. Ng3 Ne5 12. Be2 Nfg4 13. f3 Nxh2 14. Kxh2 Qh4+ 15.
Kg1 Qxg3 16. Be3 Ng4 17. fxg4 Qxe3+ 18. Kh1 Qh6+ 19. Kg1 Bd4+ 20. Rf2 f5 21.
gxf5 gxf5 22. Bf3 Qh4 23. Qe2 Bd7 24. Nd1 Rae8 25. Ne3 fxe4 26. g3 Qg5 27. Bh5
Rxf2 28. Kxf2 Bxe3+ 29. Kg2 Rf8 0-1

[Event "II Torneo Inverno Vomero"]
[Site "Napoli ITA"]
[Date "2006.02.23"]
[Round "7"]
[White "Lupo, Alfredo"]
[Black "Esposito, Pino"]
[Result "1-0"]
[WhiteElo "2121"]
[BlackElo "1762"]
[PlyCount "51"]
[EventDate "2006.01.12"]

1. e4 e6 2. d4 d5 3. e5 c5 4. c3 Nc6 5. Nf3 cxd4 6. cxd4 Qb6 7. Nc3 Nge7 8. Bd3
Bd7 9. Bb1 Rc8 10. O-O Ng6 11. h4 Be7 12. h5 Nf8 13. Re1 Kd8 14. a3 Be8 15. Na4
Qc7 16. b4 f6 17. h6 g6 18. Ra2 a6 19. exf6 Bxf6 20. Nc5 Qe7 21. Rae2 Bf7 22.
Ba2 b6 23. Nxe6+ Nxe6 24. Bxd5 Re8 25. Bxe6 Bxe6 26. d5 1-0

[Event "IX Open"]
[Site "Padova ITA"]
[Date "2006.12.16"]
[Round "1"]
[White "Battagin, Mose'"]
[Black "Vuelban, Virgilio"]
[Result "0-1"]
[WhiteElo "1847"]
[BlackElo "2341"]
[PlyCount "78"]
[EventDate "2006.12.16"]

1. e4 c5 2. Nc3 e6 3. f4 Nc6 4. Bb5 Nge7 5. Nf3 a6 6. Be2 Nd4 7. d3 Nec6 8. Be3
Be7 9. O-O O-O 10. Qd2 b5 11. Nd1 Bb7 12. Nf2 d5 13. Bxd4 cxd4 14. exd5 Qxd5
15. Ne4 Rac8 16. a3 f5 17. Ng3 e5 18. fxe5 Nxe5 19. Ne1 g6 20. Bf3 Nxf3+ 21.
Nxf3 Bf6 22. Rae1 Qa2 23. Qc1 Rfe8 24. Re2 Bxf3 25. Rxf3 Rxe2 26. Nxe2 Qe6 27.
Rf2 Qe3 28. Qd1 Bg5 29. Kf1 Qe5 30. g3 Be3 31. Rg2 g5 32. Ng1 g4 33. Qe2 h5 34.
h3 Qd5 35. h4 Rf8 36. Ke1 Qa2 37. c3 f4 38. gxf4 Rxf4 39. Qd1 dxc3 0-1

[Event "IX Open"]
[Site "Padova ITA"]
[Date "2006.12.16"]
[Round "1"]
[White "Belloni, Umberto"]
[Black "Kizov, Atanas"]
[Result "0-1"]
[WhiteElo "1908"]
[BlackElo "2390"]
[PlyCount "72"]
[EventDate "2006.12.16"]

1. e4 e5 2. Nf3 Nc6 3. Bb5 Nf6 4. O-O Nxe4 5. Re1 Nd6 6. Nxe5 Be7 7. Ba4 Nxe5
8. Rxe5 O-O 9. Bb3 Bf6 10. Re1 b6 11. d4 Bb7 12. c3 Nf5 13. Bc2 Nh4 14. Be4
Bxe4 15. Rxe4 d5 16. Re1 c5 17. Qg4 Qc8 18. Qxc8 Raxc8 19. dxc5 bxc5 20. Nd2
Rfd8 21. g3 Ng6 22. Nf3 h6 23. h4 d4 24. h5 dxc3 25. hxg6 cxb2 26. gxf7+ Kxf7
27. Rb1 bxc1=Q 28. Rb7+ Kg8 29. Rxc1 Rd3 30. Kg2 Ra3 31. Rc2 c4 32. Nd2 c3 33.
Nb3 Rd8 34. Rb5 Rd1 35. Kf3 Rb1 36. Ra5 Rbxb3 0-1

[Event "IX Open"]
[Site "Padova ITA"]
[Date "2006.12.16"]
[Round "1"]
[White "Cardili, Mariano"]
[Black "Dervishi, Erald"]
[Result "0-1"]
[WhiteElo "2079"]
[BlackElo "2545"]
[PlyCount "64"]
[EventDate "2006.12.16"]

1. d4 Nf6 2. c4 e6 3. Nc3 d5 4. Nf3 Be7 5. Bg5 O-O 6. e3 h6 7. Bh4 b6 8. Rc1
Bb7 9. a3 Nbd7 10. Bd3 c5 11. cxd5 exd5 12. O-O Ne4 13. Bxe7 Qxe7 14. Bb5 Ndf6
15. Ne5 Rac8 16. Nxe4 Nxe4 17. Qe2 Rfd8 18. Rfd1 c4 19. f3 Nd6 20. Ba4 b5 21.
Bc2 a5 22. e4 b4 23. axb4 axb4 24. Re1 dxe4 25. fxe4 Nb5 26. Nf3 Nxd4 27. Nxd4
Rxd4 28. Rcd1 Rcd8 29. Rxd4 Rxd4 30. Qe3 Qd8 31. b3 Rd2 32. Re2 Rxc2 0-1

[Event "IX Open"]
[Site "Padova ITA"]
[Date "2006.12.16"]
[Round "1"]
[White "De Marchi, Alessandro"]
[Black "Navarro, Stefano"]
[Result "0-1"]
[WhiteElo "1570"]
[BlackElo "2228"]
[PlyCount "52"]
[EventDate "2006.12.16"]

1. d4 d5 2. c4 e6 3. Nc3 Nf6 4. e3 c6 5. a3 Nbd7 6. Nf3 Bd6 7. Bd3 O-O 8. Qe2
e5 9. dxe5 Nxe5 10. Nxe5 Bxe5 11. h3 Re8 12. O-O d4 13. Nd1 Bc7 14. Qc2 dxe3
15. Nxe3 Qd6 16. f4 Qd4 17. Qc3 Qxc3 18. bxc3 Bb6 19. Rf3 Ne4 20. Bxe4 Rxe4 21.
Kh2 Be6 22. f5 Bxc4 23. Nxc4 Rxc4 24. Bf4 Rd8 25. a4 Rxf4 26. Rxf4 Bc7 0-1

[Event "IX Open"]
[Site "Padova ITA"]
[Date "2006.12.16"]
[Round "1"]
[White "De Santis, Alessio"]
[Black "Ceccato, Alessandro"]
[Result "1-0"]
[WhiteElo "2337"]
[BlackElo "1700"]
[PlyCount "45"]
[EventDate "2006.12.16"]

1. d4 Nf6 2. c4 g6 3. Nc3 Bg7 4. e4 d6 5. Be2 O-O 6. Bg5 Na6 7. Qd2 c5 8. d5
Re8 9. O-O-O Qa5 10. f3 Nd7 11. Kb1 Nb6 12. h4 Na4 13. Nxa4 Qxa4 14. h5 Bd7 15.
hxg6 fxg6 16. Bh6 Bd4 17. f4 e6 18. Nf3 e5 19. f5 Qb4 20. fxg6 Qxd2 21. gxh7+
Kxh7 22. Bxd2+ Kg8 23. Rh6 1-0

[Event "IX Open"]
[Site "Padova ITA"]
[Date "2006.12.16"]
[Round "1"]
[White "Del Monaco, Andrea"]
[Black "Camosi, Roberto"]
[Result "1-0"]
[WhiteElo "2248"]
[BlackElo "1694"]
[PlyCount "131"]
[EventDate "2006.12.16"]

1. Nf3 Nf6 2. c4 e6 3. g3 g6 4. Bg2 d5 5. b3 Bg7 6. Bb2 Nbd7 7. O-O O-O 8. Qc2
c5 9. e3 b6 10. Nc3 Bb7 11. cxd5 Nxd5 12. Nxd5 Bxb2 13. Qxb2 Bxd5 14. Rac1 Qf6
15. Qxf6 Nxf6 16. d4 cxd4 17. Nxd4 Bxg2 18. Kxg2 Rfc8 19. h3 Nd5 20. a3 Ne7 21.
g4 Rxc1 22. Rxc1 Rc8 23. Rxc8+ Nxc8 24. Nc6 Kf8 25. g5 Ke8 26. b4 Kd7 27. Ne5+
Ke7 28. b5 f6 29. Nc6+ Kf7 30. Nd8+ Ke7 31. Nc6+ Kd7 32. h4 e5 33. a4 Ke6 34.
e4 fxg5 35. hxg5 Kd6 36. Kg3 a5 37. f4 exf4+ 38. Kxf4 Ke6 39. Nd4+ Kd6 40. Nc2
Ke6 41. e5 Ne7 42. Ke4 Kd7 43. Nd4 Nc8 44. Nc6 Ke6 45. Kd4 Kf5 46. Kd5 Kxg5 47.
Ke6 h5 48. Kd7 Ne7 49. Kxe7 h4 50. Nd4 h3 51. Nf3+ Kf4 52. Nh2 Kxe5 53. Kd7 Kd5
54. Kc7 Kc5 55. Nf3 g5 56. Nxg5 h2 57. Ne4+ Kb4 58. Nf2 Kxa4 59. Kxb6 Kb4 60.
Kc6 a4 61. b6 h1=Q+ 62. Nxh1 a3 63. b7 a2 64. b8=Q+ Kc3 65. Qe5+ Kc2 66. Qa1
1-0

[Event "IX Open"]
[Site "Padova ITA"]
[Date "2006.12.16"]
[Round "1"]
[White "Dragojlovic, Andjelko"]
[Black "Giordan, Daniele"]
[Result "1-0"]
[WhiteElo "2383"]
[BlackElo "1897"]
[PlyCount "74"]
[EventDate "2006.12.16"]

1. e4 d6 2. d4 Nf6 3. Nc3 g6 4. Nf3 Bg7 5. h3 O-O 6. Be3 c6 7. a4 Qb6 8. a5 Qc7
9. Qd2 e5 10. Be2 Be6 11. O-O Nbd7 12. Rfd1 exd4 13. Nxd4 d5 14. exd5 Bxd5 15.
Nxd5 Nxd5 16. Bh6 Bxh6 17. Qxh6 Qf4 18. Qxf4 Nxf4 19. Bf1 Rad8 20. a6 Nc5 21.
axb7 Nxb7 22. Nxc6 Rxd1 23. Rxd1 a5 24. Ra1 Re8 25. g3 Ne2+ 26. Kg2 Re6 27.
Nxa5 Nd6 28. Rd1 Nf5 29. c3 Kg7 30. Nc4 Re4 31. Nd6 Nxd6 32. Rxd6 Nc1 33. b4
Re7 34. Rc6 Nb3 35. c4 Nd4 36. Rc8 Rb7 37. b5 Ne6 1-0

[Event "IX Open"]
[Site "Padova ITA"]
[Date "2006.12.16"]
[Round "1"]
[White "Laketic, Gojko"]
[Black "Cozzarin, Davide"]
[Result "1-0"]
[WhiteElo "2441"]
[BlackElo "1943"]
[PlyCount "93"]
[EventDate "2006.12.16"]

1. d4 e6 2. Nf3 f5 3. d5 d6 4. dxe6 Bxe6 5. Ng5 Qd7 6. Qd3 Nc6 7. Qe3 Nd8 8.
Nxe6 Qxe6 9. c4 g6 10. Nc3 Bg7 11. Nd5 Qxe3 12. Bxe3 Ne6 13. O-O-O Nf6 14. h3
O-O 15. g4 fxg4 16. hxg4 Rae8 17. Rg1 a6 18. g5 Nxd5 19. cxd5 Nc5 20. Bh3 Re5
21. Rg2 Re4 22. Rg4 Rfe8 23. b3 Rxe3 24. fxe3 Rxe3 25. Bf1 a5 26. Rd2 b5 27.
Bg2 Bc3 28. Rc2 b4 29. Bf3 Kg7 30. Kb1 Kg8 31. Rc1 Bd2 32. Rd1 Bc3 33. Rh1 Bg7
34. Rc4 Be5 35. Rch4 Nxb3 36. axb3 Rxb3+ 37. Kc2 Rb2+ 38. Kd3 a4 39. Rxh7 a3
40. Rxc7 a2 41. Bg4 Rb3+ 42. Ke4 Rc3 43. Be6+ Kf8 44. Ra7 Ra3 45. Rf1+ Ke8 46.
Bd7+ Kd8 47. Rf8+ 1-0

[Event "IX Open"]
[Site "Padova ITA"]
[Date "2006.12.16"]
[Round "1"]
[White "Litrico, Paolo"]
[Black "Contini, Davide"]
[Result "1/2-1/2"]
[WhiteElo "1691"]
[BlackElo "2236"]
[PlyCount "60"]
[EventDate "2006.12.16"]

1. d4 Nf6 2. c3 d5 3. Nf3 Nbd7 4. Bf4 e6 5. Nbd2 c5 6. e3 Be7 7. Bd3 Qb6 8. Rb1
Nh5 9. Be5 Nxe5 10. Nxe5 Nf6 11. O-O O-O 12. Bc2 Bd7 13. Nxd7 Nxd7 14. Nf3 Rac8
15. Re1 Nf6 16. Ne5 Qc7 17. Qd3 c4 18. Qe2 Bd6 19. f4 Bxe5 20. fxe5 Ne4 21.
Bxe4 dxe4 22. Qg4 Qc6 23. Rf1 Rc7 24. Rf4 Qa4 25. Qd1 Qxa2 26. Rxe4 Qa5 27. Qc2
f5 28. exf6 Rxf6 29. Rf4 Qg5 30. Qf2 Rcf7 1/2-1/2

[Event "IX Open"]
[Site "Padova ITA"]
[Date "2006.12.16"]
[Round "1"]
[White "Luciani, Valerio"]
[Black "Palumbo, Giuseppe"]
[Result "1-0"]
[WhiteElo "2229"]
[BlackElo "1592"]
[PlyCount "51"]
[EventDate "2006.12.16"]

1. d4 Nf6 2. c4 c5 3. d5 e6 4. Nc3 exd5 5. cxd5 d6 6. e4 g6 7. Bd3 Bg7 8. Nge2
O-O 9. O-O Na6 10. f3 Nc7 11. Rb1 a6 12. Be3 b5 13. b4 c4 14. Bc2 Bb7 15. Nd4
Re8 16. Qd2 Qe7 17. Rbe1 Qf8 18. g4 Nd7 19. f4 h6 20. h4 Qe7 21. g5 Nf8 22. f5
hxg5 23. hxg5 f6 24. fxg6 fxg5 25. Rf7 Qe5 26. Nf5 1-0

[Event "IX Open"]
[Site "Padova ITA"]
[Date "2006.12.16"]
[Round "1"]
[White "Naumkin, Igor"]
[Black "Canazza, Alessandro"]
[Result "1-0"]
[WhiteElo "2495"]
[BlackElo "2064"]
[PlyCount "83"]
[EventDate "2006.12.16"]

1. d4 d5 2. c4 e6 3. Nf3 c5 4. cxd5 exd5 5. Nc3 Nc6 6. g3 Nf6 7. Bg2 Be7 8. O-O
O-O 9. Bf4 c4 10. Ne5 Be6 11. Nxc4 dxc4 12. d5 Nxd5 13. Nxd5 Rc8 14. Nxe7+ Nxe7
15. Bxb7 Bh3 16. Qxd8 Rcxd8 17. Rfd1 Ng6 18. Bc7 Rxd1+ 19. Rxd1 Re8 20. Rd8
Rxd8 21. Bxd8 Kf8 22. f3 Ke8 23. Ba5 Be6 24. Bc3 f6 25. Bd4 a5 26. Bc3 a4 27.
Bc6+ Bd7 28. Bd5 Bb5 29. Kf2 Ne7 30. Be6 Nc6 31. h4 Ke7 32. Bg8 h6 33. a3 Kd6
34. Ke3 Kc5 35. g4 Ba6 36. Bh7 Kd5 37. h5 Kc5 38. Be4 Bb5 39. f4 Kd6 40. g5
hxg5 41. fxg5 Ke6 42. gxf6 1-0

[Event "IX Open"]
[Site "Padova ITA"]
[Date "2006.12.16"]
[Round "1"]
[White "Rossi, Giampiero"]
[Black "Lazic, Miroljub"]
[Result "1/2-1/2"]
[WhiteElo "1976"]
[BlackElo "2465"]
[PlyCount "117"]
[EventDate "2006.12.16"]

1. d4 d6 2. c4 e5 3. Nc3 exd4 4. Qxd4 Nc6 5. Qd2 g6 6. b3 Bg7 7. Bb2 f5 8. Nf3
Nf6 9. e3 O-O 10. Be2 Kh8 11. O-O Be6 12. Rfd1 Bg8 13. Rac1 h6 14. Qc2 Qe8 15.
Nd5 Qf7 16. Nxf6 Bxf6 17. Bc3 b6 18. Qb2 Bxc3 19. Qxc3+ Qg7 20. Qxg7+ Kxg7 21.
Nd4 Nxd4 22. Rxd4 Rae8 23. Bf3 Re5 24. g3 Kf6 25. h4 Bf7 26. Kg2 a5 27. a4 g5
28. hxg5+ hxg5 29. Rh1 g4 30. Be2 Be8 31. Rh7 Bc6+ 32. Kf1 Rf7 33. Rxf7+ Kxf7
34. Ke1 Be4 35. Kd2 Kf6 36. Kc3 Re8 37. Bd3 Re5 38. Bc2 Bf3 39. Bd1 Bb7 40. Be2
Re6 41. Rf4 Kg5 42. Bd3 Re5 43. Bc2 c5 44. Bd3 Bf3 45. Bc2 Bc6 46. Bd3 d5 47.
cxd5 Bxd5 48. Bc2 Bb7 49. Bd3 Kf6 50. Bc2 Ke6 51. Bd3 Be4 52. Bc4+ Kd6 53. Bd3
Ke6 54. Bc4+ Kf6 55. Be2 Ke7 56. Bc4 Kd6 57. Bd3 Ke6 58. Bc4+ Kd6 59. Bd3
1/2-1/2

[Event "IX Open"]
[Site "Padova ITA"]
[Date "2006.12.16"]
[Round "1"]
[White "Zanini, Andrea"]
[Black "Dvirnyy, Danyyil"]
[Result "0-1"]
[WhiteElo "1700"]
[BlackElo "2323"]
[PlyCount "110"]
[EventDate "2006.12.16"]

1. Nf3 Nf6 2. c4 d6 3. g3 g6 4. Bg2 Bg7 5. O-O O-O 6. Nc3 c5 7. d3 Nc6 8. Re1
Bd7 9. b3 Ne4 10. Nxe4 Bxa1 11. Bh6 Bg7 12. Qd2 f5 13. Nc3 e5 14. Bg5 Qa5 15.
Rc1 Be6 16. Bh6 a6 17. Bxg7 Kxg7 18. Ng5 Bg8 19. Qb2 h6 20. Nf3 Rfc8 21. h4 b5
22. Nd2 Rab8 23. Bd5 Nd4 24. Bxg8 Kxg8 25. e3 b4 26. Nd5 Ne2+ 27. Kf1 Nxc1 28.
Qxc1 Qd8 29. Kg2 Rb7 30. e4 f4 31. Nf3 g5 32. h5 a5 33. Nd2 fxg3 34. fxg3 g4
35. Nf1 Qg5 36. Qxg5+ hxg5 37. Nf6+ Kg7 38. Nxg4 Rh8 39. h6+ Rxh6 40. Nxh6 Kxh6
41. Ne3 g4 42. Nxg4+ Kg5 43. Ne3 a4 44. Nf5 axb3 45. axb3 Ra7 46. Nxd6 Rd7 47.
Nf5 Rxd3 48. Kf2 Rxb3 49. Ke2 Rc3 50. Ne3 b3 51. Nd1 Rxc4 52. Ke3 Rc1 53. Nb2
c4 54. Na4 c3 55. Kd3 b2 0-1

[Event "IX Open"]
[Site "Padova ITA"]
[Date "2006.12.17"]
[Round "2"]
[White "Camosi, Roberto"]
[Black "Belloni, Umberto"]
[Result "0-1"]
[WhiteElo "1694"]
[BlackElo "1908"]
[PlyCount "126"]
[EventDate "2006.12.16"]

1. e4 e6 2. d4 d5 3. e5 c5 4. Qg4 cxd4 5. Bd3 g6 6. Nf3 Nc6 7. a3 Qc7 8. Qg3
Nge7 9. O-O Nf5 10. Bxf5 gxf5 11. Re1 h6 12. Nbd2 a6 13. Nb3 Qd8 14. Nbxd4 Nxd4
15. Nxd4 Bd7 16. Bd2 h5 17. Bg5 h4 18. Qf4 Be7 19. Bxe7 Qxe7 20. h3 Rh5 21.
Rad1 O-O-O 22. Qe3 Rg8 23. Nf3 Rh7 24. Kh2 Rhg7 25. Rg1 Kb8 26. Qd4 Bc6 27. Rd3
Rh7 28. Rc3 Rc8 29. Qf4 Bd7 30. Rxc8+ Bxc8 31. Qd4 Bd7 32. Nd2 Bc6 33. c4 dxc4
34. Nxc4 Rg7 35. Qd6+ Qxd6 36. Nxd6 f4 37. g3 hxg3+ 38. fxg3 f3 39. Rf1 Kc7 40.
Rf2 b5 41. Rxf3 Bxf3 42. Ne8+ Kc6 43. Nxg7 Kd5 44. g4 Kxe5 45. Kg3 Be4 46. h4
f5 47. g5 f4+ 48. Kf2 a5 49. Ne8 Bg6 50. Nf6 Kf5 51. b3 e5 52. Nd7 e4 53. Nf6
b4 54. axb4 axb4 55. Nd5 e3+ 56. Ke1 Bf7 57. Nxb4 Bxb3 58. Nc6 Kg4 59. Nd4 Bf7
60. Nc2 Kf5 61. Ke2 Ke4 62. Ne1 Bc4+ 63. Kd1 e2+ 0-1

[Event "IX Open"]
[Site "Padova ITA"]
[Date "2006.12.17"]
[Round "2"]
[White "Canazza, Alessandro"]
[Black "Litrico, Paolo"]
[Result "0-1"]
[WhiteElo "2064"]
[BlackElo "1691"]
[PlyCount "138"]
[EventDate "2006.12.16"]

1. c4 f5 2. Nc3 Nf6 3. g3 g6 4. Bg2 Bg7 5. Nf3 O-O 6. O-O d6 7. b4 e5 8. Rb1 f4
9. d3 Nh5 10. Ne1 Nc6 11. b5 Nd4 12. a4 Rb8 13. Nc2 Ne6 14. Nb4 Ng5 15. Ne4
Nh3+ 16. Kh1 Nf6 17. gxf4 Nxe4 18. Bxe4 exf4 19. Bb2 Bxb2 20. Rxb2 Qf6 21. Rc2
Be6 22. Qe1 Ng5 23. Nd5 Qf7 24. Qd1 Nxe4 25. dxe4 c6 26. Nc3 Bxc4 27. Qxd6 cxb5
28. axb5 f3 29. Qg3 fxe2 30. Nxe2 Bxb5 31. Rc7 Qf3+ 32. Qxf3 Rxf3 33. Rd1 Rxf2
34. Ng3 Bc6 35. Rd6 Rf4 36. Re6 Rf7 37. Ree7 Rxe7 38. Rxe7 Re8 39. Rc7 Bxe4+
40. Nxe4 Rxe4 41. Rxb7 a5 42. Ra7 a4 43. Kg2 h5 44. Kf3 Rh4 45. Kg3 Rg4+ 46.
Kf3 Kf8 47. h3 Rb4 48. Kg3 h4+ 49. Kg2 g5 50. Ra5 g4 51. hxg4 Rxg4+ 52. Kh3 Rb4
53. Ra7 Ke8 54. Rh7 Kd8 55. Kg2 Kc8 56. Kf2 Kb8 57. Ke2 a3 58. Rd7 Ra4 59. Rd1
a2 60. Ra1 Kc7 61. Kd3 h3 62. Kc3 h2 63. Kb3 Ra7 64. Kb2 Kb6 65. Rh1 Kb5 66.
Ra1 Kc4 67. Rc1+ Kd4 68. Ra1 Ke3 69. Rc1 a1=Q+ 0-1

[Event "IX Open"]
[Site "Padova ITA"]
[Date "2006.12.17"]
[Round "2"]
[White "Ceccato, Alessandro"]
[Black "Cardili, Mariano"]
[Result "1-0"]
[WhiteElo "1700"]
[BlackElo "2079"]
[PlyCount "76"]
[EventDate "2006.12.16"]

1. e4 e6 2. d4 d5 3. Nd2 c5 4. c3 Nc6 5. Ngf3 Nf6 6. e5 Nd7 7. Bd3 f6 8. Qa4
Qc7 9. O-O fxe5 10. Nxe5 Ndxe5 11. dxe5 Bd7 12. Qh4 Nxe5 13. Bxh7 Be7 14. Qh5+
Nf7 15. Nf3 Bf6 16. Ng5 O-O-O 17. Qxf7 Bxg5 18. Bxg5 Rxh7 19. Bf4 e5 20. Bg3
Qd6 21. Qf3 Rhh8 22. Rfe1 Rde8 23. b4 cxb4 24. cxb4 Rhf8 25. Qc3+ Qc6 26. Qb2
Kb8 27. Rxe5 Ka8 28. a4 g6 29. b5 Qc4 30. Rxe8+ Rxe8 31. Qg7 Qxa4 32. Qb2 Qxb5
33. Qd4 a6 34. Bf4 Qc4 35. Qf6 Bc6 36. Be3 Qd3 37. Rc1 Rc8 38. Qe6 Re8 1-0

[Event "IX Open"]
[Site "Padova ITA"]
[Date "2006.12.17"]
[Round "2"]
[White "Contini, Davide"]
[Black "Rossi, Giampiero"]
[Result "1/2-1/2"]
[WhiteElo "2236"]
[BlackElo "1976"]
[PlyCount "129"]
[EventDate "2006.12.16"]

1. d4 d5 2. Nf3 c6 3. e3 Bf5 4. c4 e6 5. Be2 Nf6 6. O-O Nbd7 7. b3 h6 8. Nc3
Be7 9. Bb2 O-O 10. Qd2 Ne4 11. Nxe4 Bxe4 12. Ne1 Nf6 13. Bd3 Bxd3 14. Qxd3 a5
15. f3 Qb6 16. c5 Qa6 17. Qxa6 Rxa6 18. Nd3 Nd7 19. a3 Bf6 20. Rfb1 g6 21. b4
axb4 22. axb4 Rfa8 23. Rxa6 Rxa6 24. Ra1 Rxa1+ 25. Bxa1 Kf8 26. Bc3 Ke7 27. Be1
e5 28. Bc3 Ke6 29. Kf2 Bg7 30. Nc1 b6 31. Nb3 bxc5 32. Nxc5+ Nxc5 33. bxc5 f5
34. f4 e4 35. Ba5 Kd7 36. Ke2 Bf6 37. Kf2 Kc8 38. Ke2 Kb7 39. Kd2 g5 40. g3 g4
41. Ke2 h5 42. Kf2 Ka6 43. Bc7 Kb5 44. Ke2 Kc4 45. Be5 Bd8 46. Bd6 h4 47. gxh4
Bxh4 48. Be5 Bd8 49. Bd6 Ba5 50. Bb8 Bc3 51. Be5 Bb2 52. Bf6 Bc1 53. Be5 Kb5
54. Bf6 Ka6 55. Bd8 Kb7 56. Be7 Kc8 57. Bf6 Kd7 58. Bg5 Ke6 59. Bd8 Kf7 60. Ba5
Kg6 61. Bd8 Kh5 62. Be7 Ba3 63. Bd8 Bb4 64. Kf2 Kg6 65. Ke2 1/2-1/2

[Event "IX Open"]
[Site "Padova ITA"]
[Date "2006.12.17"]
[Round "2"]
[White "Cozzarin, Davide"]
[Black "Zanini, Andrea"]
[Result "1-0"]
[WhiteElo "1943"]
[BlackElo "1700"]
[PlyCount "87"]
[EventDate "2006.12.16"]

1. d4 d5 2. c4 dxc4 3. e4 e5 4. d5 Nf6 5. Bg5 Bb4+ 6. Nc3 b5 7. a4 c6 8. Bxf6
Qxf6 9. dxc6 Qxc6 10. axb5 Qxe4+ 11. Qe2 Qxe2+ 12. Bxe2 Bb7 13. Nf3 Nd7 14. O-O
O-O 15. Rfd1 Rfd8 16. Nd2 a6 17. Nxc4 axb5 18. Rxa8 Bxa8 19. Nxe5 Bxc3 20. bxc3
Re8 21. Rxd7 f6 22. Bxb5 fxe5 23. Rxg7+ Kxg7 24. Bxe8 Kf6 25. f3 Bb7 26. Kf2
Kf5 27. Ke3 h6 28. Bb5 Bc8 29. h4 Kf6 30. Bc6 Ke6 31. Ke4 Kf6 32. Bd5 Bd7 33.
g4 Bc8 34. c4 Bd7 35. c5 Bc8 36. c6 Ba6 37. c7 Bc8 38. g5+ hxg5 39. hxg5+ Kxg5
40. Kxe5 Kg6 41. Be6 Bb7 42. c8=Q Bxc8 43. Bxc8 Kg7 44. Be6 1-0

[Event "IX Open"]
[Site "Padova ITA"]
[Date "2006.12.17"]
[Round "2"]
[White "Dervishi, Erald"]
[Black "De Santis, Alessio"]
[Result "1-0"]
[WhiteElo "2545"]
[BlackElo "2337"]
[PlyCount "83"]
[EventDate "2006.12.16"]

1. e4 g6 2. d4 Bg7 3. Nc3 d6 4. Nf3 Nd7 5. Bc4 e6 6. Bg5 Ne7 7. Qd2 h6 8. Be3
a6 9. a4 b6 10. O-O Bb7 11. h3 Nf6 12. Bd3 g5 13. e5 Nd7 14. exd6 cxd6 15. Be4
Bxe4 16. Nxe4 Nf5 17. d5 Nc5 18. Bxc5 bxc5 19. dxe6 fxe6 20. Rad1 Nd4 21. Nxd4
cxd4 22. c3 O-O 23. cxd4 Rf4 24. Qe3 Rb8 25. b3 Qb6 26. Rd3 Re8 27. d5 Qb4 28.
f3 Be5 29. dxe6 Rxe6 30. Rfd1 Rg6 31. Nxd6 Bxd6 32. Qe8+ Kg7 33. Rxd6 Rxd6 34.
Qe7+ Rf7 35. Qxd6 Qxb3 36. Qe5+ Kh7 37. Qe4+ Kg7 38. Rd6 Kf8 39. Rd8+ Kg7 40.
Qd4+ Kh7 41. Qh8+ Kg6 42. Rg8+ 1-0

[Event "IX Open"]
[Site "Padova ITA"]
[Date "2006.12.17"]
[Round "2"]
[White "Dvirnyy, Danyyil"]
[Black "Naumkin, Igor"]
[Result "1/2-1/2"]
[WhiteElo "2323"]
[BlackElo "2495"]
[PlyCount "44"]
[EventDate "2006.12.16"]

1. e4 e6 2. d4 d5 3. Nc3 Nf6 4. Bg5 Be7 5. e5 Nfd7 6. Bxe7 Qxe7 7. f4 O-O 8.
Nf3 c5 9. dxc5 Qxc5 10. Qd2 Nb6 11. O-O-O Nc6 12. Bd3 Nc4 13. Bxc4 Qxc4 14. Nd4
Bd7 15. Kb1 f6 16. exf6 Rxf6 17. Qe3 Rc8 18. Rhe1 Ne7 19. g4 Ng6 20. Nce2 Re8
21. g5 Rf7 22. Nf3 Qc7 1/2-1/2

[Event "IX Open"]
[Site "Padova ITA"]
[Date "2006.12.17"]
[Round "2"]
[White "Giordan, Daniele"]
[Black "De Marchi, Alessandro"]
[Result "1-0"]
[WhiteElo "1897"]
[BlackElo "1570"]
[PlyCount "45"]
[EventDate "2006.12.16"]

1. e4 c5 2. Nf3 d6 3. d4 cxd4 4. Nxd4 Nf6 5. Nc3 a6 6. Be2 e6 7. O-O h6 8. Be3
Nc6 9. Nxc6 bxc6 10. f4 Qc7 11. Qe1 h5 12. h3 Rb8 13. b3 Qa5 14. Bf3 Bd7 15. a3
Be7 16. b4 Qc7 17. Ne2 a5 18. c3 axb4 19. axb4 g6 20. e5 Nd5 21. Bd4 O-O 22.
Bxh5 gxh5 23. Qg3+ 1-0